000 00257nam a2200097Ia 4500
001 703935
005 20250826162401.0
008 250824s9999 xx 000 0 und d
245 0 _aKÜÇÜKLER VE BÜYÜKLER
_cBRİGİTTEN LABBE
260 _bGÜNIŞIĞI YAYINLARI
999 _c703935
_d703935